Movies Quiz

Random Movies Quiz

Movie Trivia Quiz Stats

 Plays Quiz not verified by Sporcle

Support Sporcle.
Go Orange.
Score 0/30 Timer 10:00
0 Plays Today
Trivia Movie % Correct
Tarantino was quoted as saying that Butch is responsible for keying Vincent's car.Pulp Fiction
74.5%
If Mary were to end up marrying Lloyd at the end of the film, her name would be Mary Christmas.Dumb and Dumber
68.3%
Tommy graduates Marquette University, which was Chris Farley's real-life alma mater. Tommy Boy
64.8%
The gun that Walter pulls in the bowling alley is a Colt model 1911 .45 caliber semi automatic handgun.The Big Lebowski
61.4%
When Will is mopping the floor at the beginning of the movie his name tag identifies him as 'Bob' rather than 'Will'.Good Will Hunting
61.4%
Owen Wilson says 'Who you tryin' to get crazy with 'ese? Don't you know I'm loco?' These are the opening lines to the Cypress Hill song 'Insane in the Brain'. Zoolander
51.7%
The tattoo parlor in the movie is named after Emma Thomas, who is writer/director Christopher Nolan's wife and the movie's associate producer.Memento
46.9%
The bus scene at the end of the movie where the Principal is picked up was shot in Long Beach, California at Los Cerritos Park.Ferris Bueller's Day off
42.8%
There really was a 'Dread Pirate Roberts' (Bartholomew Roberts, also known as Black Bart) who operated in the Caribbean in the early 18th century.The Princess Bride
40%
Joe Sakic of the NHL's Colorado Avalanche appears uncredited during the hockey tryout scene.Happy Gilmore
40%
Although it looks thoroughly offputting, the faeces in the Worst Toilet in Scotland scene was actually made from chocolate and smelled quite pleasant. Trainspotting
39.3%
When Mickey 'wins' a new trailer van for his mother from Turkish, he specifically picks out 'periwinkle blue' as the color.Snatch
37.2%
Jack Nicholson turned down the role of Johnny Hooker before Robert Redford changed his mind and decided to play it.The Sting
34.5%
The brand of beer Eddie is drinking as he empties his septic tank is Meister Brau.Christmas Vacation
30.3%
The painting that Tommy's mother shows to Tommy, Jimmy and Henry, is based on a picture from the November 1978 National Geographic.Goodfellas
30.3%
Trivia Movie % Correct
General Ripper's paranoia about water fluoridation is based on a conspiracy theory by the John Birch Society, which was founded in 1958.Dr. Strangelove or: How I Learned to Stop Worrying and Love the Bomb
27.6%
The climatic Venice sinking sequence took three weeks of filming with an average of nine hours per day. Casino Royale
27.6%
Oliver Reed suffered a fatal heart attack during principal photography. Some of his sequences had to be re-edited and a double, 3D CGI mask was used. Gladiator
26.9%
The dog 'Hercules' was an English Mastiff. The Sandlot
26.9%
Every dish shown during the opening credits is eaten by a character later in the movie. Napoleon Dynamite
24.1%
Brodie's shirt is the merged faces of three actors that tried out for the part of Brodie and didn't get it.Mallrats
21.4%
Brian Cox and Chris Cooper's characters are never referred to by name until the end credits.The Bourne Identity
20%
Leo Marvin is a psychiatrist whose kids' names are 'Anna' and 'Sigmund' named after the very well-known psychiatrist Sigmund Freud and his daughter, child psychologist Anna Freud. What About Bob?
17.9%
Max's play, 'Heaven and Hell', contains several references to Apocalypse Now (1979). Rushmore
14.5%
Everett's Mississippi correctional identification number is 9958-7715.O Brother, Where Art Thou?
13.8%
P-Funk was not the first choice for the band at the party. Originally Nirvana was scripted to play, but they were too expensive. The Goo Goo Dolls were also considered.PCU
13.1%
It took four months to assemble and combine archive footage of past American presidents from Franklin Delano Roosevelt to George W. Bush to create the televised warning .Live Free or Die Hard
11.7%
The joke with the elephant defecating while Edward daydreams was unscripted. The filming crew found it hilarious, and quickly zoomed out to get the whole thing.Big Fish
11%
The quote 'No man is an island' which Will jokingly attributes to Jon Bon Jovi, was actually written by John Donne in 1624, in his work 'Meditation XVII'. About a Boy
5.5%
When the Harveys are coming into dock at the end, one of the boats being stacked is the 'My Way.' My Way was one of Paul Anka's biggest hits, sung by Frank Sinatra amongst others. Captain Ron
2.8%

You're not logged in!

Compare scores with friends on all Sporcle quizzes.
OR
Log In

From the Vault

Harry Potter Double Letter Names

by caramba

Lets see how all you muggles fair on this one.
Remove Ads.
Support Sporcle.
Get the best of Sporcle when you Go Orange. This ad-free experience offers more features, more stats, and more fun while also helping to support Sporcle. Thank you for becoming a member.

Show Comments

Extras

Created Feb 5, 2011ReportNominate

Top Quizzes Today


Score Distribution

Your Account Isn't Verified!

In order to create a playlist on Sporcle, you need to verify the email address you used during registration. Go to your Sporcle Settings to finish the process.

Report this User

Report this user for behavior that violates our Community Guidelines.

Details: